000 00634nam a22001577a 4500
999 _c8047
_d8048
008 190705b ||||| |||| 00| 0 eng d
082 _a954.98 D69s 2016
100 _aDorji, Tenzin
245 _aཤེས༌མཛད། རིག་གཞུང་ཞིབ༌འཚོལ༌དུས༌དེབ།
_bའཐོན༌རིམ༌བཞི༌པ། སྐད༌རིག༌དང༌རྩོམ༌རིག༌
260 _aTrongsa ;
_bHistory and Culture Center,
_c2016.
300 _aviii, 138 p.
_c24 cm.
650 _aRigzhung Research Journal, Issue 4
700 _aTshering, Paljor.
700 _aTshering Tashi.
942 _2ddc